Study group to frame guidelines for follow up of bank credit (Record no. 695911)

MARC details
000 -LEADER
fixed length control field 00846nam a2200253Ia 4500
003 - CONTROL NUMBER IDENTIFIER
control field OSt
005 - DATE AND TIME OF LATEST TRANSACTION
control field 20220927110352.0
008 - FIXED-LENGTH DATA ELEMENTS--GENERAL INFORMATION
fixed length control field 220926b |||||||| |||| 00| 0 eng d
037 ## - SOURCE OF ACQUISITION
Terms of availability Reports
040 ## - CATALOGING SOURCE
Original cataloging agency RTL
Transcribing agency RTL
Language of cataloging eng
041 ## - LANGUAGE CODE
Source of code eng
Language code of text/sound track or separate title eng
110 ## - MAIN ENTRY--CORPORATE NAME
Corporate name or jurisdiction name as entry element Researve Bank of India. (Study Group to-)(1974)(Chairman;Prakash Tandon)
9 (RLIN) 376886
245 #0 - TITLE STATEMENT
Title Study group to frame guidelines for follow up of bank credit
260 ## - PUBLICATION, DISTRIBUTION, ETC.
Place of publication, distribution, etc. Bombay
Name of publisher, distributor, etc. Researve Bank of India India
Date of publication, distribution, etc. 1975
300 ## - PHYSICAL DESCRIPTION
Extent "iv, 127p."
Dimensions cm.
650 ## - SUBJECT ADDED ENTRY--TOPICAL TERM
Topical term or geographic name entry element Bank
9 (RLIN) 376887
700 ## - ADDED ENTRY--PERSONAL NAME
Personal name Researve Bank of India. (Study Group to-)(1974)(Chairman;Prakash Tandon)
9 (RLIN) 376888
942 ## - ADDED ENTRY ELEMENTS (KOHA)
Classification part "X62:1.2.N74t, L5/GD"
Koha item type

No items available.

Copyright @ Delhi University Library System